000
00247nam a22001097a 4500
999
_c
166441
_d
166441
082
_a
_b
100
_a
Prabhakar Mishra
245
_a
Nibandhakar Agyeya/
_c
by Prabhakar Mishra.
260
_a
New Delhi:
_b
Vani,
_c
1989.
650
_a
942
_c
BK